Least Populous US State Capitals - Statistics

General Stats
  • This quiz has been taken 20 times
  • The average score is 8 of 10
Answer Stats
Hint Answer % Correct
35,503 Helena
94%
28,487 Frankfort
89%
31,317 Juneau
89%
40,253 Annapolis
83%
19,103 Augusta
83%
42,417 Jefferson City
83%
13,931 Pierre
83%
44,909 Concord
78%
37,354 Dover
78%
7,891 Montpelier
78%
No matching quizzes found
Score Distribution
Percent of People with Each Score
Percentile by Number Answered
Your Score History
You have not taken this quiz